2025数码相机品牌中国占有率Top12 digital camera brands by sales in China in 2025 - Statistics

General Stats
  • This quiz has been taken 37 times
  • The average score is 6 of 12
Answer Stats
品牌 占有率/% 价格区间/¥ % Correct
尼康 35.0 1399~56800
88%
佳能 34.4 899-83890
88%
索尼 15.4 899-93899
88%
富士 7.6 999-75250
64%
徕卡 1.8 7300-199900
58%
松下 2.3 996-29998
55%
哈苏 0.6 39990-380000
36%
宾得 0.5 5399-44999
30%
奥林巴斯 0.6 2899-18399
27%
理光 0.4 1599-11259
18%
适马 0.2 3999-19802
9%
松典 0.6 209-1549
0%
No matching quizzes found
Score Distribution
Percent of People with Each Score
Percentile by Number Answered
Your Score History
You have not taken this quiz